Digital image processing : PIKs inside (Record no. 203073)

MARC details
000 -LEADER
fixed length control field 00434nam a2200169Ia 4500
008 - FIXED-LENGTH DATA ELEMENTS--GENERAL INFORMATION
fixed length control field 231221s9999 xx 000 0 und d
041 ## - LANGUAGE CODE
Language code of text/sound track or separate title English
082 ## - DEWEY DECIMAL CLASSIFICATION NUMBER
Classification number 621.367 PRA;
100 ## - MAIN ENTRY--PERSONAL NAME
Personal name Pratt, William K
245 #0 - TITLE STATEMENT
Title Digital image processing : PIKs inside
250 ## - EDITION STATEMENT
Edition statement 3rd ed.
260 ## - PUBLICATION, DISTRIBUTION, ETC.
Date of publication, distribution, etc. 2001
Name of publisher, distributor, etc. John Wiley
Place of publication, distribution, etc. New York
300 ## - PHYSICAL DESCRIPTION
Extent xix+735
300 ## - PHYSICAL DESCRIPTION
Dimensions 33366
650 ## - SUBJECT ADDED ENTRY--TOPICAL TERM
Topical term or geographic name entry element Digital,processing,:,PIKs,inside
942 ## - ADDED ENTRY ELEMENTS (KOHA)
Koha item type Compact Disks
Holdings
Date last seen Total checkouts Full call number Accession number Price effective from Category Lost status Damaged status Department Withdrawn status Home library Current library Shelving location Entry date Vendor Grants Billnumber Billdate Currency symbol Conversion rate Discount Old discount
26/01/2024   621.367 PRA; CD1755 26/01/2024 Compact Disks     Central Library   Central Library Central Library Central Library   Sapna Book House CS 26930 02/03/2009 RS 46.2   15

© For any Suggestions or Query, please contact the library staff @ librarian@pes.edu or Phone: +9180 2672 1983/ 2108.